000 00668nam a2200241 i 4500
001 C2-0071566
003 PPAK
005 20190630222157.0
008 970429s1990 nyua|||| ||||| | eng d
020 _a0130743038
040 _aPPAK
_beng
_cPPAK
_erda
082 0 4 _a641.5635
_223
090 0 0 _a641.5635
_bCRO
_dR
100 1 _aCrocker, Betty,
_eauthor
245 1 0 _aBetty Crocker's eat and lose weight
264 1 _aNew York :
_bPrentice Hall ,
_c1990
300 _a271 pages :
_billustrations ;
_c25 cm
336 _2rdacontent
_atext
337 _2rdamedia
_aunmediated
338 _2rdacarrier
_avolume
650 1 0 _aReducing diets - recipes
942 _ddc
_cB
999 _c8874
_d8874